[Event "Madrid ch sf-A"]
[Site "Madrid ESP"]
[Date "2007.01.08"]
[Round "1.1"]
[White "Carbonell Martinez, Juan"]
[Black "Rabadan Velasco, Raul"]
[Result "0-1"]
[WhiteElo "2119"]
[BlackElo "2254"]
[PlyCount "66"]
[EventDate "2007.01.08"]
[EventType "swiss"]
[EventRounds "9"]
[EventCountry "ESP"]
[Source "lmi"]
[SourceDate "2007.01.08"]

1. d4 f5 2. Nc3 d5 3. Bg5 Be6 4. e3 Nd7 5. Nf3 Ngf6 6. Bd3 g6 7. Qe2 Bg7 8. Bf4
c6 9. O-O O-O 10. h4 Kh8 11. Ne5 c5 12. Nxd7 Nxd7 13. dxc5 Bf7 14. Nb5 Nxc5 15.
b4 Nxd3 16. Qxd3 a6 17. Nc3 e5 18. Bg5 Qc7 19. h5 e4 20. Nxd5 Qd6 21. Qe2 Bxa1
22. Rxa1 Bxd5 23. Rd1 Qe5 24. Bf4 Qe6 25. c4 Bxc4 26. Qb2+ Kg8 27. h6 Qf6 28.
Be5 Qf7 29. Rd6 Rad8 30. Rf6 Qe7 31. Qc3 b5 32. Rd6 Rxd6 33. Bxd6 Qf6 0-1

[Event "Madrid ch sf-A"]
[Site "Madrid ESP"]
[Date "2007.01.08"]
[Round "1.2"]
[White "De la Fuente Gonzalez, Francisco"]
[Black "Lorenzo Bailador, Alfredo"]
[Result "1-0"]
[WhiteElo "2242"]
[BlackElo "2082"]
[PlyCount "69"]
[EventDate "2007.01.08"]
[EventType "swiss"]
[EventRounds "9"]
[EventCountry "ESP"]
[Source "lmi"]
[SourceDate "2007.01.08"]

1. g3 d5 2. Bg2 Nf6 3. c4 e6 4. Nf3 Be7 5. O-O O-O 6. d4 dxc4 7. Nc3 c5 8. dxc5
Qxd1 9. Rxd1 Nc6 10. Nd4 Bd7 11. Nxc6 Bxc6 12. Bxc6 bxc6 13. Rd4 Bxc5 14. Rxc4
Bb6 15. Bg5 Rac8 16. Bxf6 gxf6 17. Ne4 f5 18. Nd6 Rc7 19. Rac1 Rd8 20. Rxc6
Rxc6 21. Rxc6 Rd7 22. e3 Kf8 23. Kg2 Bc7 24. Nc4 Ke7 25. b4 Bd8 26. a4 Rb7 27.
b5 Bc7 28. Kf3 Kd7 29. h4 f6 30. Ke2 h5 31. Kd3 Bb8 32. Na5 Rc7 33. Kd4 e5+ 34.
Kd5 f4 35. Rxf6 1-0

[Event "Madrid ch sf-A"]
[Site "Madrid ESP"]
[Date "2007.01.08"]
[Round "1.3"]
[White "Pardo Robles, Jose Manuel"]
[Black "Ballesteros Gonzalez, David"]
[Result "0-1"]
[WhiteElo "2032"]
[BlackElo "2212"]
[PlyCount "92"]
[EventDate "2007.01.08"]
[EventType "swiss"]
[EventRounds "9"]
[EventCountry "ESP"]
[Source "lmi"]
[SourceDate "2007.01.08"]

1. e4 g6 2. d4 d6 3. Nc3 c6 4. Bc4 Nf6 5. f3 Bg7 6. Be3 O-O 7. a4 d5 8. Bb3
dxe4 9. Nxe4 Nxe4 10. fxe4 e5 11. Nf3 exd4 12. Bxd4 Qa5+ 13. Qd2 Qxd2+ 14. Kxd2
Bxd4 15. Nxd4 Nd7 16. c3 Ne5 17. h3 a5 18. Rhf1 Bd7 19. Nf3 Nxf3+ 20. Rxf3 Rad8
21. Ke2 Rde8 22. Re3 Be6 23. Bxe6 Rxe6 24. Kd3 Rd8+ 25. Kc2 Kg7 26. Rae1 Re5
27. R1e2 h5 28. h4 Rd6 29. Rd2 Rde6 30. Rde2 g5 31. hxg5 Rxg5 32. e5 Reg6 33.
e6 Rxe6 34. Rxe6 fxe6 35. Rxe6 Rxg2+ 36. Kb3 h4 37. Re4 h3 38. Rh4 h2 39. Ka3
Kf6 40. b4 Kg5 41. Rh8 axb4+ 42. cxb4 Kg4 43. Rg8+ Kf3 44. Rh8 Kf2 45. b5 cxb5
46. axb5 Kg1 0-1

[Event "Madrid ch sf-A"]
[Site "Madrid ESP"]
[Date "2007.01.08"]
[Round "1.4"]
[White "Pastor Alonso de Prado, Alberto"]
[Black "Barahona Torrijos, Angel"]
[Result "1/2-1/2"]
[WhiteElo "2212"]
[BlackElo "2030"]
[PlyCount "137"]
[EventDate "2007.01.08"]
[EventType "swiss"]
[EventRounds "9"]
[EventCountry "ESP"]
[Source "lmi"]
[SourceDate "2007.01.08"]

1. e4 e5 2. Nf3 Nc6 3. Nc3 Nf6 4. Bb5 Nd4 5. Ba4 Bc5 6. O-O O-O 7. d3 d6 8. h3
c6 9. Nxd4 Bxd4 10. Ne2 Bb6 11. Ng3 d5 12. Qf3 h6 13. Bb3 Be6 14. Nf5 Bxf5 15.
Qxf5 Re8 16. Re1 Qc8 17. Qf3 Re6 18. Be3 Bc7 19. a4 Qd8 20. Rad1 Bb6 21. Bxb6
Qxb6 22. Re2 Rd8 23. exd5 Nxd5 24. g3 Rde8 25. Rde1 Rf6 26. Qe4 Rg6 27. Kh2
Ree6 28. Rf1 Qd8 29. c3 Qg5 30. Bxd5 cxd5 31. Qxd5 Rd6 32. Qxb7 Rxd3 33. Qb8+
Kh7 34. Qxe5 Qxe5 35. Rxe5 Rd2 36. b4 Rc6 37. Re7 a6 38. Rxf7 Rxc3 39. Re1 Kg6
40. Ree7 Rc4 41. Rxg7+ Kf6 42. Rgf7+ Kg6 43. b5 axb5 44. axb5 Rb4 45. h4 Rxb5
46. g4 Rb3 47. Rf5 h5 48. Re6+ Kg7 49. g5 Rd4 50. Re7+ Kg8 51. Re8+ Kg7 52.
Re7+ Kg8 53. Ra5 Rxh4+ 54. Kg2 Rg4+ 55. Kf1 Rb8 56. Ke2 h4 57. Kf3 Rc4 58. Raa7
Rc3+ 59. Kg4 h3 60. Rg7+ Kh8 61. Rh7+ Kg8 62. Rag7+ Kf8 63. Rg6 Rb1 64. Rf6+
Kg8 65. Rxh3 Rg1+ 66. Rg3 Rgxg3+ 67. fxg3 Kg7 68. Ra6 Rc1 69. Ra7+ 1/2-1/2

[Event "Madrid ch sf-A"]
[Site "Madrid ESP"]
[Date "2007.01.08"]
[Round "1.5"]
[White "Andalon Gomez, Carlos J"]
[Black "Nuñez Muñoz, Jesus"]
[Result "1/2-1/2"]
[WhiteElo "2023"]
[BlackElo "2205"]
[PlyCount "51"]
[EventDate "2007.01.08"]
[EventType "swiss"]
[EventRounds "9"]
[EventCountry "ESP"]
[Source "lmi"]
[SourceDate "2007.01.08"]

1. d4 Nf6 2. c4 e6 3. Nf3 b6 4. a3 Bb7 5. Nc3 d5 6. cxd5 exd5 7. g3 Be7 8. Bg2
O-O 9. O-O Nbd7 10. Qb3 c5 11. Rd1 a6 12. dxc5 Nxc5 13. Qa2 Re8 14. Nd4 Qd7 15.
b4 Nce4 16. Nxe4 Nxe4 17. Bb2 Bf6 18. Rac1 Rac8 19. e3 Rxc1 20. Rxc1 Rc8 21.
Rd1 h6 22. Qa1 Qa4 23. Rc1 Qd7 24. Rd1 Qa4 25. Rc1 Qd7 26. Rd1 1/2-1/2

[Event "Madrid ch sf-A"]
[Site "Madrid ESP"]
[Date "2007.01.08"]
[Round "1.6"]
[White "Horcajada Reales, Guillermo"]
[Black "Garcia Gonzalez, Pedro"]
[Result "1-0"]
[WhiteElo "2188"]
[BlackElo "2001"]
[PlyCount "45"]
[EventDate "2007.01.08"]
[EventType "swiss"]
[EventRounds "9"]
[EventCountry "ESP"]
[Source "lmi"]
[SourceDate "2007.01.08"]

1. Nf3 d5 2. d4 Nf6 3. c4 c6 4. Nc3 g6 5. c5 Bf5 6. Qb3 Qc8 7. h3 Nbd7 8. Bf4
Ne4 9. Rc1 e6 10. Na4 f6 11. Nh4 Be7 12. Nxf5 exf5 13. h4 g5 14. Bh2 f4 15. f3
Ng3 16. Bxg3 fxg3 17. hxg5 f5 18. f4 Qc7 19. e3 O-O-O 20. Bd3 Rdf8 21. Kd2 Qd8
22. Rh6 Rf7 23. Rxc6+ 1-0

[Event "Madrid ch sf-A"]
[Site "Madrid ESP"]
[Date "2007.01.08"]
[Round "1.7"]
[White "Lozano Cortijo, Mariano"]
[Black "Martin-Consuegra, Javier"]
[Result "1-0"]
[WhiteElo "2181"]
[BlackElo "1949"]
[PlyCount "117"]
[EventDate "2007.01.08"]
[EventType "swiss"]
[EventRounds "9"]
[EventCountry "ESP"]
[Source "lmi"]
[SourceDate "2007.01.08"]

1. e4 d5 2. exd5 Qxd5 3. Nc3 Qa5 4. d4 c6 5. Nf3 Bf5 6. Bd3 Bxd3 7. Qxd3 Qa6 8.
Qxa6 Nxa6 9. Bd2 Nf6 10. O-O-O e6 11. Ne5 Rd8 12. Bg5 Be7 13. Bxf6 Bxf6 14. Ne4
Be7 15. h4 O-O 16. Rh3 f6 17. Nc4 b6 18. Re3 Nc7 19. Nc3 Rd7 20. Ne2 Rfd8 21.
c3 e5 22. Re1 Nd5 23. Re4 exd4 24. Nxd4 Bc5 25. Nxc6 Bxf2 26. Nxd8 Rxd8 27.
Re8+ Rxe8 28. Rxe8+ Kf7 29. Re4 Bc5 30. h5 g6 31. hxg6+ hxg6 32. Kd2 a5 33. b3
g5 34. a3 Kg6 35. b4 axb4 36. axb4 Bg1 37. Re1 Bf2 38. Re4 Nf4 39. g4 f5 40.
gxf5+ Kxf5 41. Re5+ Kf6 42. Rb5 g4 43. Ne3 Bxe3+ 44. Kxe3 Ng2+ 45. Kf2 Nf4 46.
Kg3 Ne2+ 47. Kxg4 Nxc3 48. Rxb6+ Ke5 49. Rc6 Na4 50. Kf3 Kd5 51. Rc2 Nb6 52.
Ke3 Kd6 53. Kd4 Kd7 54. b5 Nc8 55. Kc5 Kc7 56. Rh2 Kb7 57. Rh7+ Kb8 58. b6 Na7
59. Rxa7 1-0

[Event "Madrid ch sf-A"]
[Site "Madrid ESP"]
[Date "2007.01.08"]
[Round "1.7"]
[White "Perez Cameselle, Francisco Jose"]
[Black "Suarez Triguero, Alfonso"]
[Result "1-0"]
[WhiteElo "1984"]
[BlackElo "2188"]
[PlyCount "67"]
[EventDate "2007.01.08"]
[EventType "swiss"]
[EventRounds "9"]
[EventCountry "ESP"]
[Source "lmi"]
[SourceDate "2007.01.08"]

1. Nf3 Nf6 2. g3 d6 3. d3 Bg4 4. Bg2 c6 5. h3 Bh5 6. Nbd2 Nbd7 7. O-O e5 8. e4
Be7 9. Re1 Qc7 10. a4 a5 11. Nf1 Bxf3 12. Qxf3 Nc5 13. Ne3 g6 14. Ng4 Nxg4 15.
Qxg4 Qd7 16. Qe2 Ne6 17. c3 Bg5 18. Bxg5 Nxg5 19. h4 Ne6 20. Bh3 h5 21. d4 Qc7
22. Bxe6 fxe6 23. dxe5 dxe5 24. Qc4 Kf7 25. Rad1 b6 26. Re3 Rad8 27. Red3 Rxd3
28. Qxd3 Ke7 29. Qe3 Kf7 30. Qg5 Rf8 31. Qh6 Qe7 32. Rd3 Qf6 33. Qh7+ Qg7 34.
Rd7+ 1-0

[Event "Madrid ch sf-A"]
[Site "Madrid ESP"]
[Date "2007.01.08"]
[Round "1.9"]
[White "Lopez Heras, Arturo"]
[Black "De Paz Nistal, Santiago"]
[Result "0-1"]
[WhiteElo "1947"]
[BlackElo "2180"]
[PlyCount "132"]
[EventDate "2007.01.08"]
[EventType "swiss"]
[EventRounds "9"]
[EventCountry "ESP"]
[Source "lmi"]
[SourceDate "2007.01.08"]

1. e4 e5 2. f4 exf4 3. Nf3 g5 4. Nc3 Bg7 5. d4 h6 6. Bc4 d6 7. O-O Ne7 8. Kh1
O-O 9. Bxf4 gxf4 10. Nh4 c6 11. Qh5 d5 12. exd5 cxd5 13. Nxd5 Nxd5 14. Bxd5 Qg5
15. Bf3 Qxh5 16. Bxh5 Bxd4 17. Rxf4 Nc6 18. Raf1 Be6 19. Nf5 Bxf5 20. Rxf5 Bxb2
21. Bxf7+ Kg7 22. R1f3 Ne5 23. Rg3+ Kh8 24. Rb3 Nxf7 25. Rxb2 Nd6 26. Rxf8+
Rxf8 27. Kg1 b6 28. Rb4 Rc8 29. Rd4 Nb5 30. Rd5 Rc5 31. Rd8+ Kg7 32. a4 Nc7 33.
Rd2 h5 34. Kf2 Kf6 35. Kg3 Kg5 36. h4+ Kf5 37. Rf2+ Ke4 38. Re2+ Kd4 39. Kf3
Rf5+ 40. Kg3 Nd5 41. Re8 Nc3 42. Re7 a5 43. Rd7+ Kc4 44. Rg7 Kb4 45. Kh3 Kxa4
46. g4 hxg4+ 47. Rxg4+ Kb5 48. Rg3 Ne4 49. Rb3+ Kc5 50. Kg4 Rd5 51. Rf3 a4 52.
h5 b5 53. h6 Ng5 54. Rc3+ Kb4 55. Rc7 Ne4 56. Rf7 Rd6 57. h7 Rh6 58. Kf4 Nf6
59. Kg5 Rxh7 60. Rxf6 Rc7 61. Kf4 Rxc2 62. Ke3 a3 63. Kd3 Rc3+ 64. Kd2 a2 65.
Rf4+ Kb3 66. Rf1 b4 0-1

[Event "Madrid ch sf-A"]
[Site "Madrid ESP"]
[Date "2007.01.08"]
[Round "1.10"]
[White "Salcedo Tornero, Pablo"]
[Black "Garcia Fernandez, Jesus"]
[Result "1-0"]
[WhiteElo "2176"]
[BlackElo "1937"]
[PlyCount "123"]
[EventDate "2007.01.08"]
[EventType "swiss"]
[EventRounds "9"]
[EventCountry "ESP"]
[Source "lmi"]
[SourceDate "2007.01.08"]

1. e4 c5 2. Nc3 Nc6 3. f4 e6 4. Nf3 d5 5. Bb5 Nge7 6. O-O a6 7. Bxc6+ Nxc6 8.
d3 Be7 9. Qe1 O-O 10. e5 f6 11. a3 Qe8 12. Bd2 b5 13. Ne2 Bd8 14. c3 Qg6 15. d4
Na5 16. Rd1 Nb3 17. Be3 Bb6 18. dxc5 Bxc5 19. Ned4 Bxd4 20. Bxd4 f5 21. Qf2 Na5
22. Bc5 Re8 23. Nd4 Bd7 24. Rd3 Rec8 25. Rg3 Qf7 26. Nf3 Nc4 27. Bd4 h6 28. Nh4
Be8 29. Rh3 Qe7 30. Nf3 Rc6 31. Ne1 Qf7 32. Nd3 Qc7 33. Nb4 Rc8 34. Nxc6 Qxc6
35. Qe2 Kh7 36. Rf2 Qc7 37. g4 fxg4 38. Qxg4 Qf7 39. Rg3 Rc7 40. Rfg2 g6 41. h4
h5 42. Qg5 Qf5 43. Qxf5 exf5 44. Re2 Re7 45. Rd3 Re6 46. Kf2 Kg8 47. b3 Na5 48.
Rb2 Bd7 49. Bc5 Bc6 50. a4 Kf7 51. axb5 axb5 52. Bb4 Nb7 53. Ra2 Re8 54. Ra6
Rc8 55. Rd2 Nd8 56. Rda2 Ne6 57. Ke3 Ke8 58. Ra7 Kd8 59. Rh7 Ke8 60. Raa7 Kd8
61. Rh8+ Be8 62. Be7# 1-0

[Event "Madrid ch sf-A"]
[Site "Madrid ESP"]
[Date "2007.01.08"]
[Round "1.11"]
[White "Algaba Traspuesto, Jose Antonio"]
[Black "Blanco Sanchez, Jose Fernando"]
[Result "0-1"]
[WhiteElo "1825"]
[BlackElo "2159"]
[PlyCount "56"]
[EventDate "2007.01.08"]
[EventType "swiss"]
[EventRounds "9"]
[EventCountry "ESP"]
[Source "lmi"]
[SourceDate "2007.01.08"]

1. c4 Nf6 2. Nc3 e5 3. g3 d6 4. Bg2 Nc6 5. d3 Be7 6. Nf3 Bg4 7. h3 Be6 8. O-O
h6 9. Rb1 a5 10. a3 Qd7 11. Kh2 Nh7 12. b4 axb4 13. axb4 f5 14. b5 Nd8 15. Bd2
O-O 16. Ra1 Rxa1 17. Qxa1 f4 18. gxf4 exf4 19. Nd4 Ng5 20. Nxe6 Ndxe6 21. Qd1
Nd4 22. Nd5 f3 23. Nxe7+ Qxe7 24. Bxg5 Qe5+ 25. Kg1 Nxe2+ 26. Kh1 fxg2+ 27.
Kxg2 Qxg5+ 28. Kh1 Qh5 0-1

[Event "Madrid ch sf-A"]
[Site "Madrid ESP"]
[Date "2007.01.09"]
[Round "2.1"]
[White "Rabadan Velasco, Raul"]
[Black "Lozano Cortijo, Mariano"]
[Result "1-0"]
[WhiteElo "2254"]
[BlackElo "2181"]
[PlyCount "39"]
[EventDate "2007.01.08"]
[EventType "swiss"]
[EventRounds "9"]
[EventCountry "ESP"]
[Source "lmi"]
[SourceDate "2007.01.08"]

1. d4 e6 2. c4 Nf6 3. Nc3 Bb4 4. e3 b6 5. Bd3 Bb7 6. Nge2 Be4 7. O-O Bxd3 8.
Qxd3 c5 9. d5 Bxc3 10. Nxc3 e5 11. f4 exf4 12. e4 g5 13. e5 Ng4 14. Qe2 Nh6 15.
Ne4 Nf5 16. Nf6+ Kf8 17. Qg4 Nd4 18. Qxg5 Na6 19. Qh6+ Ke7 20. d6+ 1-0

[Event "Madrid ch sf-A"]
[Site "Madrid ESP"]
[Date "2007.01.09"]
[Round "2.2"]
[White "De Paz Nistal, Santiago"]
[Black "De la Fuente Gonzalez, Francisco"]
[Result "0-1"]
[WhiteElo "2180"]
[BlackElo "2242"]
[PlyCount "82"]
[EventDate "2007.01.08"]
[EventType "swiss"]
[EventRounds "9"]
[EventCountry "ESP"]
[Source "lmi"]
[SourceDate "2007.01.08"]

1. e4 g6 2. d4 Bg7 3. c4 d6 4. Nc3 Nc6 5. Be3 e5 6. d5 Nce7 7. Bd3 f5 8. exf5
gxf5 9. Qh5+ Kf8 10. Qe2 Nf6 11. f3 c6 12. dxc6 bxc6 13. Qc2 Be6 14. Rd1 Qa5
15. Bd2 Qb6 16. Nh3 h6 17. Nf2 Kf7 18. O-O Rhf8 19. b3 Rac8 20. Na4 Qc7 21. Bb4
c5 22. Bd2 Qd7 23. Qc1 Rh8 24. Rfe1 Nc6 25. Nc3 Nd4 26. Qb1 Rhg8 27. Kh1 Qc6
28. Be2 Bf8 29. Qd3 Rg6 30. Be3 Be7 31. Bxd4 cxd4 32. Nb1 Rcg8 33. Bf1 Nh5 34.
Nh3 Bg5 35. Qe2 Bh4 36. Rd3 Bxe1 37. Qxe1 f4 38. Nf2 Bf5 39. Ne4 Bxe4 40. fxe4
Nf6 41. Nd2 Ng4 0-1

[Event "Madrid ch sf-A"]
[Site "Madrid ESP"]
[Date "2007.01.09"]
[Round "2.3"]
[White "Ballesteros Gonzalez, David"]
[Black "Salcedo Tornero, Pablo"]
[Result "1/2-1/2"]
[WhiteElo "2212"]
[BlackElo "2176"]
[PlyCount "130"]
[EventDate "2007.01.08"]
[EventType "swiss"]
[EventRounds "9"]
[EventCountry "ESP"]
[Source "lmi"]
[SourceDate "2007.01.08"]

1. d4 d5 2. c4 dxc4 3. e4 Nf6 4. e5 Nd5 5. Bxc4 Nb6 6. Bb3 Nc6 7. Be3 Bf5 8. g4
Be4 9. f3 Bd5 10. Nd2 e6 11. Ne2 Bb4 12. Nc3 Bxb3 13. Nxb3 Nc4 14. Qc1 Qh4+ 15.
Bf2 Qh3 16. Ke2 Bxc3 17. bxc3 h5 18. Qg5 hxg4 19. Qxg4 Qh7 20. Qe4 O-O-O 21.
Qxh7 Rxh7 22. Nc5 Ne7 23. Ne4 Rh5 24. f4 Nf5 25. Ng5 Rd7 26. Rac1 b6 27. Kd3
Nxe5+ 28. fxe5 Rxg5 29. Ke4 Kb7 30. Rhg1 Rxg1 31. Rxg1 Rd5 32. Rb1 Ra5 33. Rb2
f6 34. exf6 gxf6 35. h4 Nd6+ 36. Kf3 Rh5 37. Kg4 Rh6 38. Re2 f5+ 39. Kg5 Nf7+
40. Kf4 c6 41. c4 Rg6 42. Kf3 Kc7 43. Bg3+ Kd7 44. Bf4 Rg4 45. Rh2 c5 46. dxc5
bxc5 47. h5 e5 48. Be3 Rxc4 49. h6 Rc3 50. Ke2 Rc2+ 51. Bd2 Rxa2 52. h7 c4 53.
Rh3 f4 54. Kd1 Ke6 55. Rh6+ Kf5 56. h8=Q Nxh8 57. Rxh8 e4 58. Rf8+ Ke5 59.
Bxf4+ Kd5 60. Rd8+ Ke6 61. Bd2 Ra3 62. Rc8 Kd5 63. Rd8+ Ke5 64. Re8+ Kd4 65.
Rd8+ Ke5 1/2-1/2

[Event "Madrid ch sf-A"]
[Site "Madrid ESP"]
[Date "2007.01.09"]
[Round "2.4"]
[White "Blanco Sanchez, Jose Fernando"]
[Black "Horcajada Reales, Guillermo"]
[Result "1/2-1/2"]
[WhiteElo "2159"]
[BlackElo "2188"]
[PlyCount "37"]
[EventDate "2007.01.08"]
[EventType "swiss"]
[EventRounds "9"]
[EventCountry "ESP"]
[Source "lmi"]
[SourceDate "2007.01.08"]

1. e4 Nf6 2. Nc3 d5 3. exd5 Nxd5 4. Bc4 c6 5. Qf3 e6 6. Nge2 Nd7 7. d4 Be7 8.
O-O O-O 9. Re1 N7f6 10. Ne4 Nxe4 11. Qxe4 Qc7 12. c3 Bd6 13. Qh4 e5 14. dxe5
Bxe5 15. Bxd5 cxd5 16. Bf4 f6 17. Bg3 Qb6 18. b3 Bf5 19. Nd4 1/2-1/2

[Event "Madrid ch sf-A"]
[Site "Madrid ESP"]
[Date "2007.01.09"]
[Round "2.5"]
[White "Nuñez Muñoz, Jesus"]
[Black "Perez Cameselle, Francisco Jose"]
[Result "1-0"]
[WhiteElo "2205"]
[BlackElo "1984"]
[PlyCount "65"]
[EventDate "2007.01.08"]
[EventType "swiss"]
[EventRounds "9"]
[EventCountry "ESP"]
[Source "lmi"]
[SourceDate "2007.01.08"]

1. e4 c5 2. Nf3 Nc6 3. d4 cxd4 4. Nxd4 g6 5. c4 Bg7 6. Be3 Nf6 7. Nc3 Ng4 8.
Qxg4 Nxd4 9. Qd1 Ne6 10. Rc1 d6 11. b4 O-O 12. Be2 a5 13. a3 axb4 14. axb4 Bd7
15. O-O f5 16. exf5 gxf5 17. Nd5 Bc6 18. b5 Bxd5 19. Qxd5 Qd7 20. Bd3 f4 21.
Bb6 Kh8 22. Rfe1 Rf6 23. Bf5 Rxf5 24. Qxf5 Be5 25. Rcd1 Qc8 26. Rxe5 dxe5 27.
Qxe5+ Kg8 28. Qd5 Kg7 29. Re1 Kf6 30. Qe5+ Kf7 31. h3 Qxc4 32. Qf5+ Ke8 33.
Qxe6 1-0

[Event "Madrid ch sf-A"]
[Site "Madrid ESP"]
[Date "2007.01.09"]
[Round "2.6"]
[White "Barahona Torrijos, Angel"]
[Black "Andalon Gomez, Carlos J"]
[Result "1/2-1/2"]
[WhiteElo "2030"]
[BlackElo "2023"]
[PlyCount "131"]
[EventDate "2007.01.08"]
[EventType "swiss"]
[EventRounds "9"]
[EventCountry "ESP"]
[Source "lmi"]
[SourceDate "2007.01.08"]

1. e4 c6 2. Nc3 d5 3. Qf3 dxe4 4. Nxe4 Nd7 5. d4 Ngf6 6. Bc4 e6 7. Bg5 Be7 8.
O-O-O Qa5 9. h4 Qf5 10. Qxf5 exf5 11. Ng3 Nb6 12. Bd3 O-O 13. Nxf5 Bxf5 14.
Bxf5 Rad8 15. Nf3 h6 16. Rde1 Rfe8 17. Bf4 Nfd5 18. Be5 Nc4 19. g4 a5 20. g5 h5
21. g6 f6 22. Be6+ Kf8 23. Bg3 Bd6 24. Bxd6+ Nxd6 25. Bxd5 cxd5 26. Nd2 Nf5 27.
c3 Rxe1+ 28. Rxe1 Nxh4 29. Rh1 Nxg6 30. Rxh5 Kf7 31. Kc2 Nf4 32. Rh4 Ng2 33.
Rh3 Re8 34. Rg3 Nf4 35. a4 Re2 36. Rf3 g5 37. Kd1 Re8 38. b3 Kg6 39. Re3 Rxe3
40. fxe3 Nh3 41. Ke2 g4 42. c4 f5 43. cxd5 f4 44. d6 f3+ 45. Ke1 Kf6 46. d5 Kf7
47. Ne4 b6 48. Ng3 Ke8 49. e4 Kd7 50. Nf5 Nf4 51. Kf2 Nd3+ 52. Kg3 f2 53. Ne3
Kxd6 54. Kxg4 Ke5 55. Kf3 Nc5 56. Nc4+ Kd4 57. Kxf2 Nxe4+ 58. Kf3 Kxd5 59.
Nxb6+ Kd4 60. Nc4 Nc5 61. Nxa5 Kc3 62. Ke3 Kb4 63. Nc6+ Kxb3 64. a5 Ka4 65. Kd4
Nb3+ 66. Kd5 1/2-1/2

[Event "Madrid ch sf-A"]
[Site "Madrid ESP"]
[Date "2007.01.09"]
[Round "2.7"]
[White "Suarez Triguero, Alfonso"]
[Black "Pastor Alonso de Prado, Alberto"]
[Result "0-1"]
[WhiteElo "2188"]
[BlackElo "2212"]
[PlyCount "73"]
[EventDate "2007.01.08"]
[EventType "swiss"]
[EventRounds "9"]
[EventCountry "ESP"]
[Source "lmi"]
[SourceDate "2007.01.08"]

1. e4 e5 2. Nf3 Nc6 3. Bc4 Be7 4. d4 exd4 5. Nxd4 d6 6. Nc3 Nf6 7. h3 O-O 8. a3
Nxd4 9. Qxd4 c6 10. O-O Ne8 11. Be3 Be6 12. a4 Kh8 13. Rfd1 Bxc4 14. Qxc4 f5
15. exf5 Rxf5 16. Qg4 Qc8 17. Ne4 Re5 18. Qxc8 Rxc8 19. Nd2 a6 20. Bd4 Rf5 21.
Re1 Bf8 22. Re2 c5 23. Bc3 Nc7 24. Rae1 b5 25. Ba5 Kg8 26. Bxc7 Rxc7 27. Re8
bxa4 28. Ra8 d5 29. Rxa6 Rb7 30. b3 axb3 31. Nxb3 Kf7 32. Rc6 d4 33. Rd1 Rb4
34. Rd2 Rd5 35. Kf1 d3 36. g3 c4 37. Nc1 0-1

[Event "Madrid ch sf-A"]
[Site "Madrid ESP"]
[Date "2007.01.09"]
[Round "2.8"]
[White "Martin-Consuegra, Javier"]
[Black "Carbonell Martinez, Juan"]
[Result "1/2-1/2"]
[WhiteElo "1949"]
[BlackElo "2119"]
[PlyCount "75"]
[EventDate "2007.01.08"]
[EventType "swiss"]
[EventRounds "9"]
[EventCountry "ESP"]
[Source "lmi"]
[SourceDate "2007.01.08"]

1. d4 Nf6 2. Bg5 d5 3. Bxf6 gxf6 4. c4 c6 5. e3 Qb6 6. Qb3 Na6 7. Qxb6 axb6 8.
a3 Nb4 9. Kd2 e5 10. Nf3 e4 11. Ne1 Be6 12. cxd5 Nxd5 13. Nc2 f5 14. g3 h5 15.
h4 b5 16. Nc3 b4 17. Nxd5 Bxd5 18. Be2 bxa3 19. bxa3 Ra4 20. Rhb1 Ra7 21. Nb4
Bxb4+ 22. axb4 Rxa1 23. Rxa1 Kd7 24. b5 Kc7 25. bxc6 bxc6 26. Rc1 Kd6 27. Rc5
Be6 28. Bd1 Bd5 29. Kc3 Ra8 30. Kd2 Rh8 31. Ra5 Rb8 32. Kc1 Rh8 33. Be2 Be6 34.
Kc2 Bd5 35. Ra6 Be6 36. Rb6 Bd5 37. Kc3 Be6 38. Ra6 1/2-1/2

[Event "Madrid ch sf-A"]
[Site "Madrid ESP"]
[Date "2007.01.09"]
[Round "2.9"]
[White "Lorenzo Bailador, Alfredo"]
[Black "Lopez Heras, Arturo"]
[Result "1/2-1/2"]
[WhiteElo "2082"]
[BlackElo "1947"]
[PlyCount "139"]
[EventDate "2007.01.08"]
[EventType "swiss"]
[EventRounds "9"]
[EventCountry "ESP"]
[Source "lmi"]
[SourceDate "2007.01.08"]

1. e4 e5 2. Nf3 d6 3. d4 exd4 4. Nxd4 Nf6 5. Nc3 Be7 6. Be2 O-O 7. O-O a6 8. f4
c5 9. Nf3 Nc6 10. a3 b5 11. Bd3 c4 12. Be2 Qb6+ 13. Kh1 Ng4 14. Nd5 Qa7 15. Nd4
Nxd4 16. Nxe7+ Qxe7 17. Qxd4 Nf6 18. Bf3 Bb7 19. e5 dxe5 20. fxe5 Bxf3 21. exf6
Qe2 22. Rxf3 Rfd8 23. Be3 Rxd4 24. Bxd4 g6 25. Rf2 Qe4 26. c3 Re8 27. h3 h5 28.
Raf1 Qc6 29. Kg1 Re4 30. Rd1 Qe6 31. Rdf1 a5 32. Rd1 b4 33. axb4 axb4 34. Kh2
b3 35. Kg1 Re2 36. Rdf1 Rxf2 37. Rxf2 Qe1+ 38. Rf1 Qe4 39. Rf2 g5 40. Kh2 Kh7
41. g3 Kg6 42. Rf1 Qe2+ 43. Rf2 Qe1 44. Kg2 Qe6 45. Kh2 Qe4 46. Rf1 h4 47. gxh4
Qxh4 48. Kg2 Qe4+ 49. Kh2 Kh5 50. Rg1 Qf4+ 51. Kh1 Qf3+ 52. Kh2 Qf4+ 53. Kh1
Qf5 54. Kh2 Kh4 55. Rg4+ Kh5 56. Rg1 Kg6 57. Rg2 Qf3 58. Rf2 Qd3 59. Bc5 Kh5
60. Rg2 Qe4 61. Bd4 Kh6 62. Rg4 Qf5 63. Rg2 Qf4+ 64. Kh1 Kh7 65. Rg1 Kg8 66.
Rg2 Qf5 67. Kh2 Kf8 68. Rf2 Qe6 69. Rg2 Qf5 70. Rf2 1/2-1/2

[Event "Madrid ch sf-A"]
[Site "Madrid ESP"]
[Date "2007.01.09"]
[Round "2.10"]
[White "Garcia Fernandez, Jesus"]
[Black "Pardo Robles, Jose Manuel"]
[Result "1/2-1/2"]
[WhiteElo "1937"]
[BlackElo "2032"]
[PlyCount "89"]
[EventDate "2007.01.08"]
[EventType "swiss"]
[EventRounds "9"]
[EventCountry "ESP"]
[Source "lmi"]
[SourceDate "2007.01.08"]

1. Nf3 Nf6 2. b3 g6 3. Bb2 Bg7 4. e4 d6 5. e5 dxe5 6. Nxe5 Nbd7 7. Be2 O-O 8.
O-O c5 9. Re1 Qc7 10. Bf3 Ng4 11. Bxg4 Nxe5 12. Bxc8 Raxc8 13. Nc3 Qd7 14. Qe2
Nc6 15. Na4 Bxb2 16. Nxb2 Qf5 17. Qe4 Qf6 18. Nc4 Rfd8 19. d3 Rd4 20. Qe2 Rd5
21. Qg4 Rcd8 22. Qg3 Nd4 23. Ne3 Ne2+ 24. Rxe2 Qxa1+ 25. Nf1 Qf6 26. Qc7 R8d7
27. Qb8+ Kg7 28. Qxa7 Re5 29. Ne3 Qd6 30. h3 Qd4 31. Qa3 Rd6 32. Qc1 f5 33. Re1
Rde6 34. Rf1 h5 35. Nc4 Rd5 36. Qa3 b5 37. Ne3 Rdd6 38. Qa8 Ra6 39. Qe8 b4 40.
Re1 f4 41. Nf5+ gxf5 42. Rxe6 Rxe6 43. Qxh5 Re1+ 44. Kh2 Qxf2 45. Qg5+ 1/2-1/2

[Event "Madrid ch sf-A"]
[Site "Madrid ESP"]
[Date "2007.01.09"]
[Round "2.11"]
[White "Garcia Gonzalez, Pedro"]
[Black "Algaba Traspuesto, Jose Antonio"]
[Result "1/2-1/2"]
[WhiteElo "2001"]
[BlackElo "1825"]
[PlyCount "42"]
[EventDate "2007.01.08"]
[EventType "swiss"]
[EventRounds "9"]
[EventCountry "ESP"]
[Source "lmi"]
[SourceDate "2007.01.08"]

1. e4 e6 2. d4 d5 3. Nc3 dxe4 4. Nxe4 Nd7 5. Nf3 Ngf6 6. Nxf6+ Nxf6 7. Bd3 c5
8. O-O cxd4 9. Nxd4 Bc5 10. Nb3 Bb6 11. Bg5 Bd7 12. Qe2 Bc6 13. Bc4 Qe7 14.
Rad1 O-O 15. Nd4 Bxd4 16. Rxd4 h6 17. Bh4 Rad8 18. Rfd1 Rxd4 19. Rxd4 Rd8 20.
Rxd8+ Qxd8 21. Bb3 Qd4 1/2-1/2

[Event "Madrid ch sf-A"]
[Site "Madrid ESP"]
[Date "2007.01.10"]
[Round "3.1"]
[White "De la Fuente Gonzalez, Francisco"]
[Black "Rabadan Velasco, Raul"]
[Result "0-1"]
[WhiteElo "2242"]
[BlackElo "2254"]
[PlyCount "68"]
[EventDate "2007.01.08"]
[EventType "swiss"]
[EventRounds "9"]
[EventCountry "ESP"]
[Source "lmi"]
[SourceDate "2007.01.08"]

1. g3 d5 2. Bg2 e5 3. c4 d4 4. d3 Nc6 5. Nf3 Bb4+ 6. Bd2 a5 7. O-O Nf6 8. a3
Be7 9. e3 O-O 10. exd4 exd4 11. Re1 Nd7 12. Bf4 Nc5 13. Ne5 Nxe5 14. Rxe5 c6
15. Qf3 Bd6 16. Rh5 g6 17. Bxd6 Qxd6 18. Rh4 Nb3 19. Ra2 Bf5 20. Qd1 Nc5 21.
Nd2 Bxd3 22. Qg4 Ne6 23. Qf3 Nc5 24. Qg4 Rfd8 25. Qh3 Qe6 26. Rxh7 Qxh3 27.
Rxh3 Re8 28. Ra1 Re2 29. Nf3 Nb3 30. Rd1 Bc2 31. Re1 Rxe1+ 32. Nxe1 d3 33. Bf3
Re8 34. Kf1 Nd2+ 0-1